Law lords confirm legal threat (Record no. 67811)

MARC details
000 -LEADER
fixed length control field 00912cam a2200217 4500
001 - CONTROL NUMBER
control field WB3729-23
008 - FIXED-LENGTH DATA ELEMENTS--GENERAL INFORMATION
fixed length control field 010726n2001 000 0 eng u
035 ## - SYSTEM CONTROL NUMBER
System control number (Sirsi) u113825
245 ## - TITLE STATEMENT
Title Law lords confirm legal threat
260 ## - PUBLICATION, DISTRIBUTION, ETC.
Date of publication, distribution, etc. 2001
490 ## - SERIES STATEMENT
Series statement RICS Press Release
Volume/sequential designation (pr101) 26 July 2001 (2)
520 ## - SUMMARY, ETC.
Summary, etc. Employed professionals such as surveyors, architects and solicitors could face being sued for mistakes or errors at work after a House of Lords ruling. The case involving a chartered surveyor, John Babb had been supported by the RICS who are now urging all professional employees to check their liability position.
590 ## - LOCAL NOTE (RLIN)
Local note WB
650 ## - SUBJECT ADDED ENTRY--TOPICAL TERM
Topical term or geographic name entry element PROFESSIONAL BODIES
650 ## - SUBJECT ADDED ENTRY--TOPICAL TERM
Topical term or geographic name entry element PROFESSIONAL NEGLIGENCE
650 ## - SUBJECT ADDED ENTRY--TOPICAL TERM
Topical term or geographic name entry element JOHN BABB
650 ## - SUBJECT ADDED ENTRY--TOPICAL TERM
Topical term or geographic name entry element CLIVE WALKER ASSOCIATES
650 ## - SUBJECT ADDED ENTRY--TOPICAL TERM
Topical term or geographic name entry element PROFESSIONAL ASSOCIATIONS
690 ## - LOCAL SUBJECT ADDED ENTRY--TOPICAL TERM (OCLC, RLIN)
Topical term or geographic name as entry element MANAGEMENT-BUSINESS MANAGEMENT-PROFESSIONAL PRACTICE
942 ## - ADDED ENTRY ELEMENTS (KOHA)
Suppress in OPAC 0
Holdings
Withdrawn status Lost status Source of classification or shelving scheme Damaged status Not for loan Home library Current library Shelving location Date acquired Total Checkouts Full call number Barcode Date last seen Copy number Price effective from Koha item type
    Dewey Decimal Classification     London London News article 26/07/2001   WB3729-23 113825-1001 06/08/2019 1 06/08/2019 News article